000 00332nam a22001457a 4500
005 20251108172943.0
008 250721s9999 xx 000 0 ara d
082 1 4 _aj/f/sov
100 1 _asowthgate، vera
_ecomp.
245 1 4 _athe little red hen /
300 _a51/ص
650 1 7 _aFICTION
942 _2ddc
_cBK
999 _c92653
_d92653